00826nam a2200205Ia 4500952014100000952015600141999001500297003000400312005001700316008004100333020001800374040000900392082002100401100003400422245005900456260003700515300000900552650001100561942004800572 00102ddc40708BIOLOGYaMESbMEScBOTANYd2019-02-20g85.00l0o570.15195 BAN/Ip28421r2019-02-20 00:00:00t1w2019-02-20yBKzGL18R1 00102ddc40708BIOLOGYaMESbMEScBOTANYd2019-02-20g85.00l3m2o570.15195 BAN/Ip28422r2023-06-01 00:00:00s2023-05-22t2w2019-02-20yBKzGL18R1 c1553d1553OSt20200925123627.0190216s9999||||xx |||||||||||||| ||und|| a9788121923293 coclc a570.15195bBAN/I aBanerjee, Pranab Kumar 95007 0aIntroduction To Biostatistics /cPranab Kumar Banerjee bS Chand & Co,aNew Delhi:c2005. a168p aBotany cBK2ddch570.15195iBAN/Ik570.15195mBAN/I